[Event "XIX. DBMM Schach"]
[Site "Billerbeck"]
[Date "2019.09.05"]
[Round "2.4"]
[White "Gurevich, Slavik"]
[Black "Buescher, Henrik"]
[Result "1/2-1/2"]
[WhiteElo "1799"]
[BlackElo "2112"]
[Annotator "dgt"]
[PlyCount "44"]
[EventDate "2019.09.??"]
[EventType "team-swiss"]
[EventRounds "7"]
[EventCountry "GER"]
[SourceTitle "XIX. DBMM 2019"]
[Source "FV Schach e.V."]
[SourceDate "2019.09.09"]
[SourceVersion "4"]
[SourceVersionDate "2019.10.16"]
[SourceQuality "1"]
[WhiteTeam "Vodafone Duesseldorf"]
[BlackTeam "AGI Frankfurt"]
[WhiteTeamCountry "GER"]
[BlackTeamCountry "GER"]

1. e4 c6 2. d4 d5 3. exd5 cxd5 4. c3 Nf6 5. Nf3 g6 6. Bf4 Nc6 7. Bd3 Bg7 8. O-O
O-O 9. Nbd2 Nh5 10. Be3 Qc7 11. Re1 Kh8 12. Nf1 f6 13. Nh4 Nf4 14. Rc1 Nxd3 15.
Qxd3 Rd8 16. h3 e5 17. dxe5 Nxe5 18. Qd1 Qf7 19. Nf3 b6 20. Bf4 Nxf3+ 21. Qxf3
Bb7 22. Qg3 Re8 1/2-1/2

[Event "XIX. DBMM Schach"]
[Site "Billerbeck"]
[Date "2019.09.05"]
[Round "2.1"]
[White "Schulz, Michael"]
[Black "Seger, Ruediger"]
[Result "0-1"]
[WhiteElo "2213"]
[BlackElo "2332"]
[Annotator "br"]
[PlyCount "104"]
[EventDate "2019.09.??"]
[EventType "team-swiss"]
[EventRounds "7"]
[EventCountry "GER"]
[SourceTitle "XIX. DBMM 2019"]
[Source "FV Schach e.V."]
[SourceDate "2019.09.09"]
[SourceVersion "4"]
[SourceVersionDate "2019.10.16"]
[SourceQuality "1"]
[WhiteTeam "SV Osram Berlin"]
[BlackTeam "Deutsche Post Bonn"]
[WhiteTeamCountry "GER"]
[BlackTeamCountry "GER"]

1. d4 Nf6 2. Bg5 e6 3. Nd2 c5 4. e3 cxd4 5. exd4 Be7 6. Ngf3 d6 7. Bd3 Nbd7 8.
O-O b6 9. a4 a6 10. Re1 O-O 11. Qe2 Bb7 12. Ne4 Nxe4 13. Bxe7 Qxe7 14. Bxe4 Nf6
15. Bxb7 $11 Qxb7 16. Ra3 Rfc8 17. Re3 Qc6 18. c3 Qxa4 19. Nd2 Qb5 20. c4 Qd7
21. g4 g6 22. Rh3 e5 23. dxe5 dxe5 24. Rh4 Rd8 25. g5 Qxd2 26. gxf6 Qxe2 27.
Rxe2 Rd6 28. Rhe4 Rxf6 29. Rxe5 Kg7 30. Kg2 Rd8 31. b3 Rd3 32. R5e3 Rfd6 33. b4
Rxe3 34. Rxe3 Rc6 35. Rc3 Kf6 36. Kf3 Ke5 37. Ke3 g5 38. Rc1 f5 39. Kd3 a5 40.
Rb1 axb4 41. Rxb4 Rh6 42. Rb5+ Kf4 43. Ke2 Ke4 44. h3 Rxh3 45. Rxb6 h5 46. Rg6
Kf4 47. c5 Rc3 48. Rc6 g4 49. Rh6 Kg5 50. Rd6 h4 51. Kd2 Rxc5 52. Kd3 h3 0-1

[Event "XIX. DBMM Schach"]
[Site "Billerbeck"]
[Date "2019.09.05"]
[Round "2.2"]
[White "Stanetzek, Carsten"]
[Black "Rath, Alina"]
[Result "0-1"]
[WhiteElo "2157"]
[BlackElo "2099"]
[Annotator "br"]
[PlyCount "96"]
[EventDate "2019.09.??"]
[EventType "team-swiss"]
[EventRounds "7"]
[EventCountry "GER"]
[SourceTitle "XIX. DBMM 2019"]
[Source "FV Schach e.V."]
[SourceDate "2019.09.09"]
[SourceVersion "4"]
[SourceVersionDate "2019.10.16"]
[SourceQuality "1"]
[WhiteTeam "Deutsche Post Bonn"]
[BlackTeam "SV Osram Berlin"]
[WhiteTeamCountry "GER"]
[BlackTeamCountry "GER"]

1. e4 c5 2. Nf3 d6 3. Bb5+ Bd7 4. Bxd7+ Qxd7 5. O-O Nc6 6. c3 Nf6 7. Qe2 g6 8.
d4 cxd4 9. cxd4 Bg7 10. Nc3 O-O 11. Rd1 Rac8 12. h3 a6 13. e5 Ne8 14. Nd5 Rb8
15. Bg5 Qe6 16. Nb6 d5 17. Rac1 h6 18. Be3 Nc7 19. Nd2 f5 20. exf6 exf6 21. Nb3
Rfd8 22. Qg4 f5 23. Qg3 Nb5 24. a4 Nd6 25. Bf4 g5 26. Bxd6 Qxd6 27. Qf3 f4 28.
a5 Nxa5 29. Nxa5 Qxb6 30. Rc5 Qe6 31. Qc3 Bf8 32. Re1 Qb6 33. Nc4 Qf6 34. Rc7
dxc4 35. Qxc4+ Kh8 36. Qd3 Bg7 37. d5 Re8 38. Rxe8+ Rxe8 39. d6 Rd8 40. d7 Qf8
41. Rxb7 a5 42. b3 Qf6 43. Rc7 Qa1+ 44. Kh2 Qd4 45. Qg6 f3 46. Qe8+ Kh7 47. Kg1
Qd1+ 48. Kh2 Qd6+ 0-1

[Event "XIX. DBMM Schach"]
[Site "Billerbeck"]
[Date "2019.09.05"]
[Round "2.3"]
[White "Gebert Vangeel, Ralf"]
[Black "Gikas, Andreas Basilius"]
[Result "0-1"]
[WhiteElo "1975"]
[BlackElo "2183"]
[Annotator "br"]
[PlyCount "88"]
[EventDate "2019.09.??"]
[EventType "team-swiss"]
[EventRounds "7"]
[EventCountry "GER"]
[SourceTitle "XIX. DBMM 2019"]
[Source "FV Schach e.V."]
[SourceDate "2019.09.09"]
[SourceVersion "4"]
[SourceVersionDate "2019.10.16"]
[SourceQuality "1"]
[WhiteTeam "SV Osram Berlin"]
[BlackTeam "Deutsche Post Bonn"]
[WhiteTeamCountry "GER"]
[BlackTeamCountry "GER"]

1. e4 c5 2. Nf3 g6 3. d4 Bg7 4. Be2 cxd4 5. Nxd4 Nc6 6. Nxc6 bxc6 7. O-O d6 8.
c3 Nf6 9. Qc2 O-O 10. Be3 Qc7 11. h3 d5 12. exd5 cxd5 13. Qd2 Rd8 14. Na3 Ne4
15. Qc1 a6 16. Bf3 Nc5 17. Rd1 Bb7 18. Nc2 Rac8 19. Nb4 e6 20. Bh6 a5 21. Bxg7
Kxg7 22. Nc2 Ba6 23. Qe3 Rb8 24. Rab1 Kg8 25. Rd4 Bc4 26. b3 a4 27. Rh4 axb3
28. axb3 Nxb3 29. Qh6 f6 30. Nb4 Nc5 31. Rd1 Rd6 32. Qf4 e5 33. Qg3 d4 34. Ra1
Nb3 35. Ra3 dxc3 36. Rg4 Be6 37. Rh4 c2 38. Nxc2 Qxc2 39. Rha4 Nd4 40. Bh5 Ne2+
41. Bxe2 Qxe2 42. Qh4 Bf7 43. Ra7 Qd1+ 44. Kh2 Qd4 0-1

[Event "XIX. DBMM Schach"]
[Site "Billerbeck"]
[Date "2019.09.05"]
[Round "2.4"]
[White "Biedekoepper, Robert"]
[Black "Mayer, Herbert"]
[Result "1/2-1/2"]
[WhiteElo "2048"]
[BlackElo "1800"]
[Annotator "hm"]
[PlyCount "92"]
[EventDate "2019.09.??"]
[EventType "team-swiss"]
[EventRounds "7"]
[EventCountry "GER"]
[SourceTitle "XIX. DBMM 2019"]
[Source "FV Schach e.V."]
[SourceDate "2019.09.09"]
[SourceVersion "4"]
[SourceVersionDate "2019.10.16"]
[SourceQuality "1"]
[WhiteTeam "Deutsche Post Bonn"]
[BlackTeam "SV Osram Berlin"]
[WhiteTeamCountry "GER"]
[BlackTeamCountry "GER"]

1. d4 d5 2. c4 dxc4 3. Nf3 Nf6 4. e3 g6 5. Bxc4 Bg7 6. O-O O-O 7. Nc3 Nfd7 8.
e4 Nb6 9. Be2 Nc6 10. d5 Ne5 11. Nd2 f5 12. exf5 Bxf5 13. Nb3 c6 14. dxc6 Nxc6
15. Be3 Nb4 16. Nd4 Bxd4 17. Qxd4 Qxd4 18. Bxd4 Nc2 19. Rad1 Nxd4 20. Rxd4 e5
21. Rd2 Rfd8 22. Rfd1 Rxd2 23. Rxd2 Kf7 24. Bf3 Rb8 25. Kf1 Nc4 26. Bd5+ Be6
27. Rc2 Nd6 28. Re2 Bxd5 29. Nxd5 Re8 30. Rc2 Rc8 31. Rxc8 Nxc8 32. Ke2 Ke6 33.
Nc3 Nd6 34. Kd3 h6 35. Ne4 b6 36. Nxd6 Kxd6 37. Ke4 Ke6 38. b4 a6 39. h4 Kd6
40. g4 Ke6 41. h5 gxh5 42. gxh5 b5 43. a3 Kf6 44. f4 exf4 45. Kxf4 Ke6 46. Ke4
Kf6 1/2-1/2

[Event "XIX. DBMM Schach"]
[Site "Billerbeck"]
[Date "2019.09.05"]
[Round "2.1"]
[White "Hoffmann, Hendrik"]
[Black "Eggenstein, Frank"]
[Result "1-0"]
[WhiteElo "2274"]
[BlackElo "1995"]
[Annotator "br"]
[PlyCount "79"]
[EventDate "2019.09.??"]
[EventType "team-swiss"]
[EventRounds "7"]
[EventCountry "GER"]
[SourceTitle "XIX. DBMM 2019"]
[Source "FV Schach e.V."]
[SourceDate "2019.09.09"]
[SourceVersion "4"]
[SourceVersionDate "2019.10.16"]
[SourceQuality "1"]
[WhiteTeam "le-tex Publishing Services Leipzig"]
[BlackTeam "RWE AG Essen"]
[WhiteTeamCountry "GER"]
[BlackTeamCountry "GER"]

1. e4 e6 2. d4 d5 3. Nc3 Bb4 4. exd5 exd5 5. Bd3 c6 6. Nge2 Ne7 7. O-O Bg4 8.
f3 Bh5 9. Ng3 Bg6 10. Nce2 Bd6 11. Bf4 Bxf4 12. Nxf4 Qd6 13. Qd2 Bxd3 14. Nxd3
Nd7 15. Rae1 O-O 16. Re2 Qf6 17. Qb4 Ng6 18. c3 Rfb8 19. f4 a5 20. Qb3 b5 21.
f5 Ngf8 22. Rfe1 Nb6 23. Qd1 Nc4 24. b3 Nd6 25. Ne5 Rc8 26. Qd3 a4 27. b4 Ra7
28. Qf3 h6 29. Ng4 Qg5 30. f6 Ne6 31. fxg7 Nxg7 32. Re5 Qg6 33. Nh5 f5 34.
Ngf6+ Kh8 35. g3 Rf8 36. Nxg7 Rxg7 37. Nh5 Rd7 38. Re6 Qg5 39. h4 Qd2 40. R6e2
1-0

[Event "XIX. DBMM Schach"]
[Site "Billerbeck"]
[Date "2019.09.05"]
[Round "2.2"]
[White "Kuerschners, Stefan"]
[Black "Heinrich, Thomas"]
[Result "0-1"]
[WhiteElo "1974"]
[BlackElo "2172"]
[Annotator "br"]
[PlyCount "100"]
[EventDate "2019.09.??"]
[EventType "team-swiss"]
[EventRounds "7"]
[EventCountry "GER"]
[SourceTitle "XIX. DBMM 2019"]
[Source "FV Schach e.V."]
[SourceDate "2019.09.09"]
[SourceVersion "4"]
[SourceVersionDate "2019.10.16"]
[SourceQuality "1"]
[WhiteTeam "RWE AG Essen"]
[BlackTeam "le-tex Publishing Services Leipzig"]
[WhiteTeamCountry "GER"]
[BlackTeamCountry "GER"]

{[%evp 0,81,19,31,57,25,21,42,40,38,62,16,2,2,2,5,5,-21,-5,-2,-4,-4,5,-2,18,14,
21,6,6,-23,-7,-25,33,-4,-3,0,-7,-6,22,22,11,-39,-12,26,26,48,252,293,446,466,
521,283,293,291,344,137,129,136,189,155,140,156,154,146,151,138,162,174,178,91,
79,73,118,100,122,-16,-16,0,0,0,0,-22,-42,-70]} 1. e4 Nf6 2. Nc3 d5 3. exd5
Nxd5 4. Bc4 c6 5. a3 Bf5 6. Nf3 e6 7. d4 Be7 8. Qe2 Nd7 9. O-O O-O 10. Re1 Nxc3
11. bxc3 Re8 12. Rb1 Qc7 13. h3 Rad8 14. Be3 b5 15. Bd3 Bg6 16. Ra1 Nb6 17. Ne5
Bxd3 18. cxd3 Na4 19. Qf3 Bd6 20. Nxc6 Rc8 21. d5 exd5 22. Nxa7 Rxe3 23. Qxe3
d4 24. Qxd4 Bc5 25. Nxb5 Bxd4 26. Nxc7 Bxc3 27. Re4 Bxa1 28. Rxa4 Bf6 29. Re4
Kf8 30. Nb5 Rc1+ 31. Kh2 g6 32. Rc4 Rd1 33. d4 Rd2 34. f3 h5 35. a4 h4 36. Rc1
Ra2 37. Rd1 Rxa4 38. d5 Ra5 39. Rb1 Ke7 40. f4 Ra4 41. d6+ Kd7 42. Rc1 Bd8 43.
g4 Rxf4 44. Kg2 Rb4 45. Na7 Rb2+ 46. Kf3 Kxd6 47. Rc6+ Kd7 48. Rc3 Bb6 49. Nc6
Ke6 50. g5 Kf5 0-1

[Event "XIX. DBMM Schach"]
[Site "Billerbeck"]
[Date "2019.09.05"]
[Round "2.3"]
[White "Rohne, Lars"]
[Black "Broszeit, Peter"]
[Result "1-0"]
[WhiteElo "2123"]
[BlackElo "1943"]
[Annotator "br"]
[PlyCount "79"]
[EventDate "2019.09.??"]
[EventType "team-swiss"]
[EventRounds "7"]
[EventCountry "GER"]
[SourceTitle "XIX. DBMM 2019"]
[Source "FV Schach e.V."]
[SourceDate "2019.09.09"]
[SourceVersion "4"]
[SourceVersionDate "2019.10.16"]
[SourceQuality "1"]
[WhiteTeam "le-tex Publishing Services Leipzig"]
[BlackTeam "RWE AG Essen"]
[WhiteTeamCountry "GER"]
[BlackTeamCountry "GER"]

1. e4 c5 2. Nc3 Nc6 3. Bb5 g6 4. Bxc6 dxc6 5. d3 Bg7 6. f4 Nf6 7. Nf3 O-O 8.
O-O Qc7 9. Qe1 b6 10. Qh4 Re8 11. f5 e5 12. Bg5 Nh5 13. f6 Bf8 14. g4 Nf4 15.
Nxe5 Ne6 16. Nf3 Nxg5 17. Nxg5 h6 18. Nf3 Qf4 19. h3 g5 20. Qh5 Qxf6 21. Nxg5
Qg6 22. Qxg6+ fxg6 23. Nf3 Be6 24. Ne5 h5 25. Nxg6 hxg4 26. hxg4 Bg7 27. g5
Bd4+ 28. Kg2 Bf7 29. Nh4 Re5 30. Nf3 Bxc3 31. bxc3 Re6 32. c4 Bh5 33. Kg3 Kg7
34. Nh4 b5 35. cxb5 cxb5 36. Rf5 c4 37. Rxb5 cxd3 38. cxd3 Rd8 39. Rb3 Red6 40.
Nf5+ 1-0

[Event "XIX. DBMM Schach"]
[Site "Billerbeck"]
[Date "2019.09.05"]
[Round "2.4"]
[White "Hielscher, Klaus Peter"]
[Black "Hartmann, Uwe"]
[Result "1/2-1/2"]
[WhiteElo "1719"]
[BlackElo "1964"]
[Annotator "br"]
[PlyCount "59"]
[EventDate "2019.09.??"]
[EventType "team-swiss"]
[EventRounds "7"]
[EventCountry "GER"]
[SourceTitle "XIX. DBMM 2019"]
[Source "FV Schach e.V."]
[SourceDate "2019.09.09"]
[SourceVersion "4"]
[SourceVersionDate "2019.10.16"]
[SourceQuality "1"]
[WhiteTeam "RWE AG Essen"]
[BlackTeam "le-tex Publishing Services Leipzig"]
[WhiteTeamCountry "GER"]
[BlackTeamCountry "GER"]

1. c4 e5 2. Nc3 Nf6 3. e3 c5 4. d3 Nc6 5. b3 Be7 6. Bb2 O-O 7. Nd5 d6 8. Nxe7+
Qxe7 9. Be2 b6 10. Bf3 Bb7 11. Ne2 Rad8 12. Nc3 Nb4 13. Bxb7 Qxb7 14. O-O d5
15. a3 Na6 16. Qf3 Qd7 17. Rad1 d4 18. exd4 exd4 19. Ne2 Rfe8 20. Bc1 Qg4 21.
Qxg4 Nxg4 22. Rfe1 Nb8 23. h3 Ne5 24. Nf4 Nbc6 25. Kf1 f6 26. Nd5 Kf7 27. b4
Rb8 28. f4 Ng6 29. Rxe8 Rxe8 30. Re1 1/2-1/2

[Event "XIX. DBMM Schach"]
[Site "Billerbeck"]
[Date "2019.09.05"]
[Round "2.1"]
[White "Bohnhoff, Peter"]
[Black "Ginsburg, Gennadi"]
[Result "0-1"]
[WhiteElo "2078"]
[BlackElo "2415"]
[Annotator "br"]
[PlyCount "110"]
[EventDate "2019.09.??"]
[EventType "team-swiss"]
[EventRounds "7"]
[EventCountry "GER"]
[SourceTitle "XIX. DBMM 2019"]
[Source "FV Schach e.V."]
[SourceDate "2019.09.09"]
[SourceVersion "4"]
[SourceVersionDate "2019.10.16"]
[SourceQuality "1"]
[WhiteTeam "Europaeisches Patentamt Muenchen"]
[BlackTeam "Software AG Darmstadt"]
[WhiteTeamCountry "GER"]
[BlackTeamCountry "GER"]

1. d4 Nf6 2. Nf3 g6 3. c4 Bg7 4. Nc3 O-O 5. e4 d6 6. Be2 Nbd7 7. O-O e5 8. d5
Nc5 9. Qc2 a5 10. Bg5 h6 11. Be3 b6 12. Nd2 Nh7 13. b3 f5 14. f3 f4 15. Bf2 g5
16. a3 Rf7 17. b4 Nb7 18. Na4 h5 19. c5 bxc5 20. bxc5 Nxc5 21. Nxc5 dxc5 22.
Bxc5 g4 23. Rfd1 Qh4 24. Bc4 Ng5 25. Rab1 g3 26. Nf1 Kh7 27. d6 Be6 28. d7 Rd8
29. Bxe6 Nxe6 30. Rd5 Rfxd7 31. Rbd1 Nd4 32. Bxd4 gxh2+ 33. Nxh2 exd4 34. e5+
Kh8 35. Rxd7 Rxd7 36. Qf5 Rd8 37. e6 a4 38. Qf7 Rf8 39. Qxc7 Qf6 40. Qc5 Qxe6
41. Qxh5+ Kg8 42. Ng4 d3 43. Qb5 Bd4+ 44. Kh1 Kg7 45. Qg5+ Qg6 46. Qxg6+ Kxg6
47. Rxd3 Rh8+ 48. Nh2 Bf2 49. Rd5 Bg3 50. Ra5 Rxh2+ 51. Kg1 Rh8 52. Rxa4 Rd8
53. Kf1 Rd2 54. Ra5 Rf2+ 55. Kg1 Re2 0-1

[Event "XIX. DBMM Schach"]
[Site "Billerbeck"]
[Date "2019.09.05"]
[Round "2.2"]
[White "Zude, Arno"]
[Black "Brendemuehl, Bernd"]
[Result "1-0"]
[WhiteElo "2372"]
[BlackElo "1905"]
[Annotator "br"]
[PlyCount "93"]
[EventDate "2019.09.??"]
[EventType "team-swiss"]
[EventRounds "7"]
[EventCountry "GER"]
[SourceTitle "XIX. DBMM 2019"]
[Source "FV Schach e.V."]
[SourceDate "2019.09.09"]
[SourceVersion "4"]
[SourceVersionDate "2019.10.16"]
[SourceQuality "1"]
[WhiteTeam "Software AG Darmstadt"]
[BlackTeam "Europaeisches Patentamt Muenchen"]
[WhiteTeamCountry "GER"]
[BlackTeamCountry "GER"]

1. e4 c5 2. Nf3 g6 3. d4 cxd4 4. Nxd4 Nf6 5. Nc3 d6 6. Be3 Bg7 7. f3 O-O 8. Qd2
Nc6 9. Bc4 Bd7 10. O-O-O Ne5 11. Bb3 Rc8 12. Kb1 Nc4 13. Bxc4 Rxc4 14. g4 Qb8
15. Nce2 Rfc8 16. g5 Ne8 17. h4 Qc7 18. b3 Rc5 19. c4 a5 20. Nc3 a4 21. Nd5 Qd8
22. Nc2 axb3 23. axb3 b5 24. Bd4 bxc4 25. b4 Rxd5 26. exd5 Bf5 27. Bxg7 Nxg7
28. Qc3 Qd7 29. Kb2 Rb8 30. Nd4 e6 31. Ra1 exd5 32. Ra5 Qb7 33. Rha1 Ne6 34.
Rb5 Qc7 35. Nc6 Re8 36. Ra6 Bd3 37. Rxd5 Nf4 38. Rxd3 Nxd3+ 39. Kc2 d5 40. f4
Nxf4 41. b5 Nd3 42. Kb1 Qh2 43. Ne7+ Kf8 44. Nxg6+ hxg6 45. Qh8+ Ke7 46. Qf6+
Kd7 47. Ra7+ 1-0

[Event "XIX. DBMM Schach"]
[Site "Billerbeck"]
[Date "2019.09.05"]
[Round "2.3"]
[White "Bumes, Konrad"]
[Black "Mohr, Thomas"]
[Result "1/2-1/2"]
[WhiteElo "1936"]
[BlackElo "1904"]
[Annotator "br"]
[PlyCount "70"]
[EventDate "2019.09.??"]
[EventType "team-swiss"]
[EventRounds "7"]
[EventCountry "GER"]
[SourceTitle "XIX. DBMM 2019"]
[Source "FV Schach e.V."]
[SourceDate "2019.09.09"]
[SourceVersion "4"]
[SourceVersionDate "2019.10.16"]
[SourceQuality "1"]
[WhiteTeam "Europaeisches Patentamt Muenchen"]
[BlackTeam "Software AG Darmstadt"]
[WhiteTeamCountry "GER"]
[BlackTeamCountry "GER"]

1. d4 f5 2. c4 Nf6 3. Nc3 e6 4. g3 d5 5. Bg2 c6 6. Nf3 Bd6 7. b3 O-O 8. O-O Qe7
9. Qc2 Nbd7 10. e3 Ne4 11. Bb2 Ndf6 12. Ne5 Nxc3 13. Bxc3 Bd7 14. f4 Bxe5 15.
dxe5 Ne4 16. Bxe4 dxe4 17. Rad1 Rad8 18. Rd6 Bc8 19. Rfd1 Rxd6 20. exd6 Qe8 21.
Qd2 Rf7 22. c5 Rd7 23. Qd4 Rf7 24. Qe5 Qd8 25. Rd2 Qf6 26. Qxf6 gxf6 27. Kf2
Bd7 28. Bd4 Kg7 29. b4 a6 30. Bc3 Rf8 31. h3 Kf7 32. Rd1 Rg8 33. Rg1 h5 34. g4
Rg6 35. h4 Rg8 1/2-1/2

[Event "XIX. DBMM Schach"]
[Site "Billerbeck"]
[Date "2019.09.05"]
[Round "2.1"]
[White "Hohlfeld, Wolfgang"]
[Black "Decker, Ingo"]
[Result "1/2-1/2"]
[WhiteElo "2067"]
[BlackElo "1678"]
[Annotator "br"]
[PlyCount "68"]
[EventDate "2019.09.??"]
[EventType "team-swiss"]
[EventRounds "7"]
[EventCountry "GER"]
[SourceTitle "XIX. DBMM 2019"]
[Source "FV Schach e.V."]
[SourceDate "2019.09.09"]
[SourceVersion "4"]
[SourceVersionDate "2019.10.16"]
[SourceQuality "1"]
[WhiteTeam "Baubehoerde Hamburg"]
[BlackTeam "SG Airbus Bremen"]
[WhiteTeamCountry "GER"]
[BlackTeamCountry "GER"]

1. e4 e5 2. Nf3 Nc6 3. Bb5 d6 4. d4 exd4 5. Nxd4 Bd7 6. Nc3 Ne5 7. Be2 Nf6 8.
O-O c6 9. a4 Be7 10. f4 Ng6 11. Be3 Qc8 12. Kh1 a6 13. a5 c5 14. Nf3 Bc6 15. f5
Ne5 16. Nxe5 dxe5 17. Bf3 O-O 18. Qe1 Rd8 19. Qf2 Bb5 20. Be2 Bxe2 21. Qxe2 Qc6
22. Qc4 Rd7 23. Bg5 Rd4 24. Qe2 Rad8 25. Bxf6 Bxf6 26. Rfd1 Rxd1+ 27. Rxd1 Rd4
28. Rd3 Bd8 29. Rxd4 cxd4 30. Nd5 Kf8 31. b4 Be7 32. h3 Bd8 33. Qd3 g6 34. g4
g5 1/2-1/2

[Event "XIX. DBMM Schach"]
[Site "Billerbeck"]
[Date "2019.09.05"]
[Round "2.2"]
[White "Hueners, Rolf"]
[Black "Hein, Ralf"]
[Result "0-1"]
[WhiteElo "1400"]
[BlackElo "2062"]
[Annotator "br"]
[PlyCount "62"]
[EventDate "2019.09.??"]
[EventType "team-swiss"]
[EventRounds "7"]
[EventCountry "GER"]
[SourceTitle "XIX. DBMM 2019"]
[Source "FV Schach e.V."]
[SourceDate "2019.09.09"]
[SourceVersion "4"]
[SourceVersionDate "2019.10.16"]
[SourceQuality "1"]
[WhiteTeam "SG Airbus Bremen"]
[BlackTeam "Baubehoerde Hamburg"]
[WhiteTeamCountry "GER"]
[BlackTeamCountry "GER"]

{[%evp 0,38,19,9,18,14,5,-7,-3,-32,-20,-39,-27,-22,-21,-35,-9,-12,0,-8,7,-29,
18,-46,-46,-69,-37,-88,-97,-125,-59,-119,-104,-137,-77,-77,-24,-248,-215,-190,
155]} 1. d4 d5 2. e3 Nf6 3. Be2 Bf5 4. b3 e6 5. Bb2 Bd6 6. Nf3 O-O 7. O-O Nbd7
8. Nbd2 c6 9. c4 Rc8 10. Nh4 Qc7 11. g3 Bh3 12. Ng2 Rfe8 13. f4 Bb4 14. Nf3 Ne4
15. a3 Be7 16. Ne5 Nxe5 17. dxe5 Qb6 18. Qc1 Qxb3 19. Rd1 Bc5 20. Bd4 Bxd4 21.
exd4 Nc3 22. Rd2 dxc4 23. Ne3 b5 24. Bf1 Bxf1 25. Kxf1 Ne4 26. Rb2 Qd3+ 27. Kg2
Qxd4 28. a4 c3 29. Rb3 b4 30. Qe1 Nd2 31. Nc2 Qd5+ 0-1

[Event "XIX. DBMM Schach"]
[Site "Billerbeck"]
[Date "2019.09.05"]
[Round "2.3"]
[White "Buchholz, Robert"]
[Black "Waltz, Juergen"]
[Result "1-0"]
[WhiteElo "1988"]
[BlackElo "1400"]
[Annotator "br"]
[PlyCount "73"]
[EventDate "2019.09.??"]
[EventType "team-swiss"]
[EventRounds "7"]
[EventCountry "GER"]
[SourceTitle "XIX. DBMM 2019"]
[Source "FV Schach e.V."]
[SourceDate "2019.09.09"]
[SourceVersion "4"]
[SourceVersionDate "2019.10.16"]
[SourceQuality "1"]
[WhiteTeam "Baubehoerde Hamburg"]
[BlackTeam "SG Airbus Bremen"]
[WhiteTeamCountry "GER"]
[BlackTeamCountry "GER"]

1. d4 d5 2. c4 e6 3. Nf3 c5 4. e3 Nc6 5. Nc3 Nf6 6. Be2 cxd4 7. exd4 Bb4 8. O-O
O-O 9. a3 Bxc3 10. bxc3 Ne4 11. Qc2 Nd6 12. Bd3 h6 13. c5 Nf5 14. h3 Re8 15.
Bf4 Bd7 16. Rae1 g5 17. Bh2 a6 18. g4 Ng7 19. Bh7+ Kf8 20. Bd6+ Ne7 21. Ne5 f5
22. f4 Qa5 23. Nxd7+ Kf7 24. fxg5 hxg5 25. Ne5+ Kf6 26. Nf3 Rad8 27. Be5+ Kf7
28. Nxg5+ Kf8 29. Bxg7+ Kxg7 30. Nxe6+ Kxh7 31. Nxd8 Qc7 32. Rxe7+ Rxe7 33.
Qxf5+ Kh8 34. Qf8+ Kh7 35. Rf7+ Rxf7 36. Qxf7+ Kh6 37. Qxc7 1-0

[Event "XIX. DBMM Schach"]
[Site "Billerbeck"]
[Date "2019.09.05"]
[Round "2.4"]
[White "Schroeder, Wilfried_x2"]
[Black "Kaliski, Achim"]
[Result "0-1"]
[WhiteElo "1400"]
[BlackElo "1969"]
[Annotator "br"]
[PlyCount "84"]
[EventDate "2019.09.??"]
[EventType "team-swiss"]
[EventRounds "7"]
[EventCountry "GER"]
[SourceTitle "XIX. DBMM 2019"]
[Source "FV Schach e.V."]
[SourceDate "2019.09.09"]
[SourceVersion "4"]
[SourceVersionDate "2019.10.16"]
[SourceQuality "1"]
[WhiteTeam "SG Airbus Bremen"]
[BlackTeam "Baubehoerde Hamburg"]
[WhiteTeamCountry "GER"]
[BlackTeamCountry "GER"]

1. Nf3 f5 2. d4 g6 3. Bf4 Nf6 4. h3 Bg7 5. e3 d6 6. Nc3 O-O 7. Bd3 Nh5 8. Bc4+
e6 9. Qd2 d5 10. Be2 Nxf4 11. exf4 a6 12. h4 Qd6 13. a3 Bd7 14. Ne5 c5 15.
O-O-O cxd4 16. Qxd4 Nc6 17. Qe3 Nxe5 18. fxe5 Bxe5 19. Qh3 Rac8 20. Rd3 Rc5 21.
h5 g5 22. Rhd1 Rfc8 23. Rg3 Bxg3 24. Qxg3 Qxg3 25. fxg3 f4 26. Re1 b5 27. Bd3
a5 28. Na2 d4 29. b4 axb4 30. axb4 Rd5 31. Kb2 e5 32. Rf1 e4 33. Be2 Rd6 34.
Rd1 Be8 35. Rf1 Rdc6 36. Rc1 Ra6 37. c4 Bf7 38. Kb3 d3 39. Kb2 dxe2 40. Nc3
Bxc4 41. Nxb5 Ra2+ 42. Kb1 Bd3+ 0-1

[Event "XIX. DBMM Schach"]
[Site "Billerbeck"]
[Date "2019.09.05"]
[Round "2.1"]
[White "Hidding, Yannick"]
[Black "Koscielski, Janusz"]
[Result "1/2-1/2"]
[WhiteElo "1723"]
[BlackElo "2270"]
[Annotator "br"]
[PlyCount "97"]
[EventDate "2019.09.??"]
[EventType "team-swiss"]
[EventRounds "7"]
[EventCountry "GER"]
[SourceTitle "XIX. DBMM 2019"]
[Source "FV Schach e.V."]
[SourceDate "2019.09.09"]
[SourceVersion "4"]
[SourceVersionDate "2019.10.16"]
[SourceQuality "1"]
[WhiteTeam "abatec Billerbeck"]
[BlackTeam "EKJ Herne und Wanne-Eickel"]
[WhiteTeamCountry "GER"]
[BlackTeamCountry "GER"]

1. d4 Nf6 2. Nf3 g6 3. Bf4 Bg7 4. Nbd2 d6 5. e4 O-O 6. Bc4 Nc6 7. c3 Qe8 8. O-O
e5 9. dxe5 Nxe5 10. Nxe5 dxe5 11. Be3 Qe7 12. f3 Nh5 13. Qc2 Nf4 14. Bxf4 exf4
15. Rad1 a5 16. Kh1 c6 17. a3 a4 18. Ba2 Qc5 19. Nb1 Be5 20. Rd3 Qe7 21. Rfd1
Ra5 22. Nd2 Bc7 23. Nf1 Bb6 24. Qe2 Rh5 25. Rd6 Qh4 26. R6d2 Kg7 27. Qe1 Qe7
28. Rd6 Rd8 29. Rxd8 Bxd8 30. Qd2 Bc7 31. Qd4+ Be5 32. Qd8 Qc7 33. Qe8 Bf6 34.
Bxf7 Qxf7 35. Qxc8 Kh6 36. Qd7 Qb3 37. Rd2 Qa2 38. Qd3 Rb5 39. Qe2 Qb1 40. g3
Be5 41. Kg2 Rb3 42. Qf2 g5 43. Qe2 b5 44. Qf2 Bf6 45. Qc5 Rxb2 46. Qxc6 Kg7 47.
Qd7+ Kg6 48. Qe8+ Kh6 49. Qf8+ 1/2-1/2

[Event "XIX. DBMM Schach"]
[Site "Billerbeck"]
[Date "2019.09.05"]
[Round "2.2"]
[White "Hortolani, Sven Holger"]
[Black "Floeter, Volker"]
[Result "1-0"]
[WhiteElo "2135"]
[BlackElo "1655"]
[Annotator "br"]
[PlyCount "52"]
[EventDate "2019.09.??"]
[EventType "team-swiss"]
[EventRounds "7"]
[EventCountry "GER"]
[SourceTitle "XIX. DBMM 2019"]
[Source "FV Schach e.V."]
[SourceDate "2019.09.09"]
[SourceVersion "4"]
[SourceVersionDate "2019.10.16"]
[SourceQuality "1"]
[WhiteTeam "EKJ Herne und Wanne-Eickel"]
[BlackTeam "abatec Billerbeck"]
[WhiteTeamCountry "GER"]
[BlackTeamCountry "GER"]

1. Nf3 c5 2. g3 Nc6 3. Bg2 Nf6 4. O-O g6 5. b3 Bg7 6. Bb2 O-O 7. c4 d6 8. d4
cxd4 9. Nxd4 Bd7 10. Nc3 Nxd4 11. Qxd4 Bc6 12. Rad1 Ne4 13. Qd3 f5 14. Nxe4
fxe4 15. Qc2 Bxb2 16. Qxb2 Qb6 17. Qd4 Qa5 18. Bxe4 Qxa2 19. Bd5+ Bxd5 20.
Qxd5+ Kg7 21. Qxb7 Rfe8 22. Qf3 Rab8 23. Rd3 e5 24. Rxd6 Rf8 25. Rd7+ Kh8 26.
Qe3 Rxb3 1-0